Pensar bien, Sentirse bien (Registro nro. 1812)
[ vista simple ]
| 000 -Cabecera | |
|---|---|
| Campo de control de longitud fija | 00529aam a2200217 4500 |
| 005 - Fecha y hora de la última transacción | |
| Campo de control | 20231010133947.0 |
| 008 - Elementos de longitud fija--Información general | |
| Campo de control de longitud fija | 150716b xxu||||| |||| 00| 0 spa d |
| 041 ## - Idioma | |
| Código de idioma | |
| 082 ## - Clasificación Decimal Dewey | |
| Número de clasificación | 155.23 R627p |
| 100 ## - Entrada principal--Autor personal | |
| Nombre personal | Riso, Walter |
| 9 (RLIN) | 11481 |
| 245 ## - Título propiamente dicho | |
| Título | Pensar bien, Sentirse bien |
| 260 ## - Pie de imprenta | |
| Lugar de publicación, distribución, etc. | Colombia |
| 260 ## - Pie de imprenta | |
| Nombre del editor, distribuidor, etc. | Norma |
| 260 ## - Pie de imprenta | |
| Fecha de publicación, distribución, etc. | 2004 |
| 300 ## - Descripción física | |
| Extensión | 208 páginas |
| 650 ## - Materia general | |
| Temática (materia general) | SUPERACION PERSONAL |
| 650 ## - Materia general | |
| Temática (materia general) | AUTOESTIMA |
| 650 ## - Materia general | |
| Temática (materia general) | TERAPIA COGNOCITIVA |
| 650 ## - Materia general | |
| Temática (materia general) | CALIDAD DE VIDA |
| 942 ## - Punto de acceso adicional KOHA | |
| Tipo de ítem KOHA | Literatura |
| Fuente del sistema de clasificación o colocación | Dewey Decimal Classification |
| Signatura completa | Código de barras | Tipo de ítem |
|---|---|---|
| 155.23 R627p | 11125 | Literatura |
| 155.23 R627p | 11293 | Literatura |